Statistics for Cities of Turkey by Clues

Click here to take the quiz!

General Stats

  • This quiz has been taken 92 times
  • The average score is 10 of 15

Answer Stats

HintCity% Correct
The city known for Hagia Sophia and the Bosphorusİstanbul
100%
The capital cityAnkara
97%
Formerly known as "Smyrna"İzmir
89%
There is a famous type of kebab with the same name of this cityAdana
80%
The city famous for "Mevlana" and "Etli Ekmek"Konya
77%
The city where you can find the Temple of ApollonAntalya
75%
The city famous for "İskender kebap"Bursa
73%
In 19 May 1919, Mustafa Kemal Atatürk stepped ashore on this city in order to start the National MovementSamsun
65%
In this city you can find the famous Selimiye MosqueEdirne
61%
The city with delicious food and "Zeugma Mosaic Museum"Gaziantep
61%
In this city you can find so many beach holiday destinations such as Fethiye and BodrumMuğla
58%
The city where you can find "Göbeklitepe", the first human-made structureŞanlıurfa
53%
This was the last city to join Turkey in 1939Hatay
52%
This city is associated with TroyÇanakkale
49%
It's the gateway to CaucasusKars
43%

Score Distribution

Percentile by Number Answered

Percent of People with Each Score

Your Score History

You have not taken this quiz